Sports Quiz

Random Sports or MLB Quiz

Eight Men Out Quiz Stats

 Plays Quiz Updated Oct 9, 2019

Score 0/8 Timer 08:00
1 Play Today
Position Player % Correct
LF'Shoeless' Joe Jackson
98.7%
PEddie Cicotte
56.2%
3BGeorge 'Buck' Weaver
46.2%
PClaude 'Lefty' Williams
43%
1BChick Gandil
34.2%
CFOscar 'Happy' Felsch
28.4%
SSCharles 'Swede' Risberg
25.8%
UTFred McMullin
15.5%

You're not logged in!

Compare scores with friends on all Sporcle quizzes.
OR
Log In

Sporcle TV

Today on Sporcle TV


Watch our educational content, quiz creation guides, and fun videos on Sporcle TV.

Show Comments

Extras

Top Quizzes Today


Score Distribution

Your Account Isn't Verified!

In order to create a playlist on Sporcle, you need to verify the email address you used during registration. Go to your Sporcle Settings to finish the process.

Report this User

Report this user for behavior that violates our Community Guidelines.

Details: